000 01856nas a2200277Ia 4500
001 R050-S3043
003 IT-CnALBA
008 170116c99999999xx |||||||||||| ||und||
040 _aIT-CnALBA
_cIT-CnALBA
041 _aITALIANO
100 _aROSSI CARLO, MONS.
210 _aRIVISTA DI PASTORALE LITURGICA
222 _aRIVISTA DI PASTORALE LITURGICA
245 0 _aRIVISTA DI PASTORALE LITURGICA. MAGGIO LUGLIO 1972. ORGANO CAL. MALATTIA MORTE RISURREZIONE DEL CRISTIANO.
250 _a1a ed.
260 _a BRESCIA
_bQUERINIANA EDIT. LIBR. VESC.
_c1972
300 _a104 p.
310 _aBIMESTRALE
362 _aFascicolo: 52-53 / Anno: 10 (1972)
500 _aVENTICINQUA ANNI CAL. MORTE E VITA FUTURA. L'IDEA DELLA MORTE NEL PENSIERO CONTEMPORANEO. STRANIERO C. LODI E. FALSINI R. MASINI M. SOTTOCORNOLA F. BONDIOLI D. SUFFRAGI. RINNOVATA LITURGIA DEI DEFUNTI. LEZIONARIO BIBLICO. APPUNTI CATECHESI SULLA MORTE. PASTORALE DEFUNTI DURANTE L'ANNO LITURGICO. ESPERIENZE. ESEMPIO CATECHESI SULLA RISURREZIONE. UNIONE INFERMI. FIDUCIA E ABBANDONO NELLA MALATTIA. DIACONATO PERMANENTE NELLA CHIESA ITALIANA. SCHEMI DI OMELIA. LETTERE ALLA DIREZIONE.
501 _aSocietà San Paolo EM - Piazza San Paolo, 14 - 12051 ALBA (CN) (non commercial uses only) ® Copyright 2017
520 _aVENTICINQUA ANNI CAL. MORTE E VITA FUTURA. L'IDEA DELLA MORTE NEL PENSIERO CONTEMPORANEO. STRANIERO C. LODI E. FALSINI R. MASINI M. SOTTOCORNOLA F. BONDIOLI D. SUFFRAGI. RINNOVATA LITURGIA DEI DEFUNTI. LEZIONARIO BIBLICO. APPUNTI CATECHESI SULLA MORTE. PASTORALE DEFUNTI DURANTE L'ANNO LITURGICO. ESPERIENZE. ESEMPIO CATECHESI SULLA RISURREZIONE. UNIONE INFERMI. FIDUCIA E ABBANDONO NELLA MALATTIA. DIACONATO PERMANENTE NELLA CHIESA ITALIANA. SCHEMI DI OMELIA. LETTERE ALLA DIREZIONE.
650 _aTEOLOGIA PASTORALE
942 _cCR
957 _71
999 _a64933
_bNO
_g1
_c331629
_d331629